[Event "COL-ch sf"]
[Site "Pereira"]
[Date "2024.03.30"]
[Round "9"]
[White "Torres, Saulo de Jesus"]
[Black "Marin Florez, Schmidt"]
[Result "1/2-1/2"]
[WhiteElo "1819"]
[BlackElo "1909"]
[PlyCount "102"]
[EventDate "2024.03.26"]
[EventType "swiss"]
[EventRounds "11"]
[EventCountry "COL"]
[SourceTitle "CB14_2024"]
[SourceDate "2024.04.01"]
[SourceVersion "1"]
[SourceVersionDate "2024.04.01"]
[SourceQuality "1"]

1. e4 c5 2. Nf3 d6 3. d4 cxd4 4. Nxd4 Nf6 5. Nc3 Nc6 6. f4 Bd7 7. Nf3 Qa5 8. Bd3 g6 9. 0-0 Bg7 10. Kh1 0-0 11. Qe1 Rac8 12. a3 a6 13. Bd2 Qd8 14. Qh4 e6 15. f5 Ne8 16. Bg5 Bf6 17. Qh6 Ne5 18. fxg6 fxg6 19. Nxe5 dxe5 20. Rf3 Rf7 21. Bxf6 Rxf6 22. Raf1 Rxf3 23. Rxf3 Qe7 24. h4 Ng7 25. Nd1 Nh5 26. g3 Bc6 27. Ne3 Rf8 28. Rxf8+ Qxf8 29. Qxf8+ Kxf8 30. Kg2 Ke7 31. Nc4 Nf6 32. Kf3 Nd7 33. Na5 Kd6 34. b4 Kc7 35. c4 Ba4 36. c5 Nb8 37. Nc4 Nc6 38. Ke3 Bb5 39. Nd6 Bxd3 40. Kxd3 Nd8 41. Kc4 b5+ 42. Kb3 Nc6 43. a4 Nd4+ 44. Ka3 bxa4 45. Kxa4 h5 46. b5 axb5+ 47. Nxb5+ Kc6 48. Nxd4+ exd4 49. Kb4 d3 50. Kc3 Kxc5 51. Kxd3 e5 1/2-1/2

[Event "COL-ch sf"]
[Site "Pereira"]
[Date "2024.03.26"]
[Round "2"]
[White "Alvarez Guzman, Joseph Emmanuel"]
[Black "Torres, Saulo de Jesus"]
[Result "0-1"]
[WhiteElo "1500"]
[BlackElo "1819"]
[PlyCount "49"]
[EventDate "2024.03.26"]
[EventType "swiss"]
[EventRounds "11"]
[EventCountry "COL"]
[SourceTitle "CB14_2024"]
[SourceDate "2024.04.01"]
[SourceVersion "1"]
[SourceVersionDate "2024.04.01"]
[SourceQuality "1"]

1. e4 c5 2. Nf3 g6 3. d4 cxd4 4. Nxd4 Nc6 5. Nc3 Bg7 6. Nxc6 bxc6 7. Ne2 Nf6 8. Ng3 0-0 9. Be3 d5 10. f3 dxe4 11. fxe4 Ng4 12. Qxd8 Rxd8 13. Bc1 Ne5 14. Bf4 Rb8 15. Rb1 Be6 16. c4 Rb7 17. Be2 Nxc4 18. h3 Bc3+ 19. Kf2 Bd4+ 20. Kf3 h5 21. a3 h4 22. Nf1 Rxb2 23. Rxb2 Bxb2 24. Ne3 Be5 25. Nc2 0-1

[Event "Pereira GP op 2nd"]
[Site "Pereira"]
[Date "2023.10.22"]
[Round "4"]
[White "Torres, Saulo de Jesus"]
[Black "Soto Ramirez, Andres Camilo"]
[Result "0-1"]
[WhiteElo "1718"]
[BlackElo "1458"]
[PlyCount "57"]
[EventDate "2023.10.21"]
[EventType "swiss"]
[EventRounds "6"]
[EventCountry "COL"]
[SourceTitle "Mega2024 Update 01"]
[Source "Chessbase"]
[SourceDate "2023.11.12"]
[SourceVersion "1"]
[SourceVersionDate "2023.11.12"]
[SourceQuality "1"]

1. e4 c5 2. Nf3 d6 3. d4 cxd4 4. Nxd4 Nf6 5. Nc3 a6 6. f4 e5 7. Nf3 Nbd7 8. Bd3 b5 9. a3 Be7 10. 0-0 0-0 11. Qe1 Bb7 12. Kh1 Qc7 13. Bd2 Nc5 14. b4 Ncd7 15. Qg3 Nh5 16. Qg4 Ndf6 17. Qh3 Nxf4 18. Bxf4 exf4 19. Nd5 Nxd5 20. exd5 g6 21. Rad1 Bf6 22. Qh6 Bg7 23. Qxf4 Bxd5 24. Ng5 Qc6 25. Qh4 Bxg2+ 26. Kg1 h6 27. Ne4 Bxf1 28. Rxf1 Qb6+ 29. Kh1 0-1

[Event "Pereira GP op 2nd"]
[Site "Pereira"]
[Date "2023.10.21"]
[Round "2"]
[White "Torres, Saulo de Jesus"]
[Black "Torres Loaiza, Ricardo Julian"]
[Result "1-0"]
[WhiteElo "1718"]
[BlackElo "1307"]
[PlyCount "63"]
[EventDate "2023.10.21"]
[EventType "swiss"]
[EventRounds "6"]
[EventCountry "COL"]
[SourceTitle "Mega2024 Update 01"]
[Source "Chessbase"]
[SourceDate "2023.11.12"]
[SourceVersion "1"]
[SourceVersionDate "2023.11.12"]
[SourceQuality "1"]

1. e4 e6 2. d4 d5 3. Nc3 Bb4 4. e5 c5 5. Bd2 cxd4 6. Nb5 Bxd2+ 7. Qxd2 Nc6 8. f4 Nge7 9. Nd6+ Kf8 10. Nf3 f6 11. Bd3 fxe5 12. fxe5 Nxe5 13. Nxe5 Qxd6 14. 0-0+ Ke8 15. Bb5+ Nc6 16. Nf7 Qc5 17. Bxc6+ bxc6 18. Nxh8 d3+ 19. Qf2 Qxf2+ 20. Rxf2 Ba6 21. cxd3 Bxd3 22. Nf7 Ke7 23. Ne5 Be4 24. Nxc6+ Kd6 25. Nd4 a6 26. Rc1 Ke5 27. Nf3+ Bxf3 28. Rxf3 Rb8 29. Re1+ Kd6 30. Rfe3 Re8 31. Re5 g6 32. b4 1-0

[Event "Pereira op"]
[Site "Pereira"]
[Date "2023.09.23"]
[Round "3"]
[White "Torres, Saulo de Jesus"]
[Black "Ojeda Mujica, Gelmer Geovany"]
[Result "0-1"]
[WhiteElo "1741"]
[BlackElo "1721"]
[PlyCount "68"]
[EventDate "2023.09.23"]
[EventType "swiss"]
[EventRounds "6"]
[EventCountry "COL"]
[SourceTitle "EXT 2024"]
[Source "ChessBase"]
[SourceDate "2023.10.10"]
[SourceVersion "1"]
[SourceVersionDate "2023.10.10"]
[SourceQuality "1"]

1. e4 c6 2. d4 d5 3. Nc3 dxe4 4. Nxe4 Bf5 5. Ng3 Bg6 6. Nh3 e6 7. Nf4 Nd7 8. h4 e5 9. dxe5 Qa5+ 10. c3 Qxe5+ 11. Be2 Ngf6 12. 0-0 0-0-0 13. h5 Bf5 14. Nxf5 Qxf5 15. Be3 Bc5 16. Bd3 Qe5 17. Qf3 Bxe3 18. Qxe3 Qxe3 19. fxe3 Rhe8 20. Rae1 h6 21. Bf5 Kc7 22. Rf2 Ne5 23. Bc2 Re7 24. Bb3 Nd3 25. Nxd3 Rxd3 26. e4 Rdd7 27. e5 Nh7 28. e6 fxe6 29. Rxe6 Rxe6 30. Bxe6 Rd1+ 31. Kh2 Nf6 32. Bf7 Ng4+ 33. Kg3 Nxf2 34. Kxf2 Rb1 0-1

[Event "Sabaneta op-B 2nd"]
[Site "Sabaneta Antioquia"]
[Date "2023.07.02"]
[Round "7"]
[White "Torres, Saulo de Jesus"]
[Black "Jimenez Jaramillo, Jhoyner"]
[Result "0-1"]
[WhiteElo "1735"]
[BlackElo "1854"]
[PlyCount "21"]
[EventDate "2023.06.28"]
[EventType "swiss"]
[EventRounds "9"]
[EventCountry "COL"]
[SourceTitle "EXT 2024"]
[Source "ChessBase"]
[SourceDate "2023.10.10"]
[SourceVersion "1"]
[SourceVersionDate "2023.10.10"]
[SourceQuality "1"]

1. e4 c5 2. Nf3 d6 3. d4 cxd4 4. Nxd4 Nf6 5. Nc3 a6 6. f4 e5 7. Nf3 Qc7 8. Bd3 Nbd7 9. 0-0 Be7 10. Qe1 b5 11. a3 0-1

[Event "Manizales op 28th"]
[Site "Manizales"]
[Date "2023.01.09"]
[Round "8"]
[White "Torres, Saulo de Jesus"]
[Black "Calle, Edwin Fernando"]
[Result "0-1"]
[WhiteElo "1726"]
[BlackElo "1890"]
[PlyCount "70"]
[EventDate "2023.01.05"]
[EventType "swiss"]
[EventRounds "8"]
[EventCountry "COL"]
[SourceTitle "CBM 212 Extra"]
[Source "ChessBase"]
[SourceDate "2023.03.31"]
[SourceVersion "1"]
[SourceVersionDate "2023.03.31"]
[SourceQuality "1"]

1. e4 e5 2. Nf3 Nc6 3. Bb5 a6 4. Ba4 Nf6 5. 0-0 b5 6. Bb3 Be7 7. Re1 0-0 8. h3 d6 9. c3 Na5 10. Bc2 c5 11. d4 Qc7 12. Nbd2 c4 13. Nf1 Re8 14. Ng3 Nc6 15. Bg5 h6 16. Be3 Bf8 17. Qd2 Ne7 18. Rad1 Ng6 19. a4 Bd7 20. Nh2 bxa4 21. Ra1 Rab8 22. Bxa4 Bxa4 23. Rxa4 Qc6 24. Ra2 exd4 25. Bxd4 Nxe4 26. Nxe4 Rxe4 27. Nf3 Rbe8 28. Rxe4 Rxe4 29. Be3 Re8 30. Nd4 Qb7 31. Nf5 Qe4 32. Ra5 Re5 33. Rxe5 Nxe5 34. Nxd6 Qg6 35. Qe2 Bxd6 0-1

[Event "Manizales op 28th"]
[Site "Manizales"]
[Date "2023.01.07"]
[Round "5"]
[White "Cardona Marin, Fabio"]
[Black "Torres, Saulo de Jesus"]
[Result "1/2-1/2"]
[WhiteElo "1890"]
[BlackElo "1726"]
[PlyCount "28"]
[EventDate "2023.01.05"]
[EventType "swiss"]
[EventRounds "8"]
[EventCountry "COL"]
[SourceTitle "CBM 212 Extra"]
[Source "ChessBase"]
[SourceDate "2023.03.31"]
[SourceVersion "1"]
[SourceVersionDate "2023.03.31"]
[SourceQuality "1"]

1. b3 Nf6 2. Bb2 e6 3. e3 b6 4. Nf3 Bb7 5. Be2 Be7 6. c4 c5 7. d3 0-0 8. Nbd2 d5 9. 0-0 Nbd7 10. Re1 Qc7 11. Bf1 Rad8 12. Qc2 Rfe8 13. a3 Ng4 14. h3 Nge5 1/2-1/2

[Event "COL-ch U1700"]
[Site "Pereira"]
[Date "2022.02.20"]
[Round "8"]
[White "Sanchez Ospina, William"]
[Black "Torres, Saulo de Jesus"]
[Result "0-1"]
[WhiteElo "1438"]
[BlackElo "1690"]
[PlyCount "46"]
[EventDate "2022.02.16"]
[EventType "swiss"]
[EventRounds "9"]
[EventCountry "COL"]
[SourceTitle "CBM 207 Extra"]
[Source "ChessBase"]
[SourceDate "2022.05.31"]
[SourceVersion "1"]
[SourceVersionDate "2022.05.31"]
[SourceQuality "1"]

1. d4 Nf6 2. Bf4 e6 3. Nf3 b6 4. Nc3 Bb7 5. e3 Bb4 6. a3 Bxc3+ 7. bxc3 Nd5 8. c4 Nxf4 9. exf4 Qf6 10. Be2 Qxf4 11. 0-0 0-0 12. c3 Nc6 13. Rb1 d6 14. d5 Ne7 15. Rb4 Qf6 16. dxe6 fxe6 17. Qd4 e5 18. Qh4 Ng6 19. Qxf6 Rxf6 20. Nd2 Raf8 21. f3 Nf4 22. Rf2 e4 23. fxe4 Nh3+ 0-1

[Event "COL-ch U1700"]
[Site "Pereira"]
[Date "2022.02.20"]
[Round "9"]
[White "Torres, Saulo de Jesus"]
[Black "Restrepo Charry, Sebastian"]
[Result "1-0"]
[WhiteElo "1690"]
[BlackElo "1563"]
[PlyCount "67"]
[EventDate "2022.02.16"]
[EventType "swiss"]
[EventRounds "9"]
[EventCountry "COL"]
[SourceTitle "CBM 207 Extra"]
[Source "ChessBase"]
[SourceDate "2022.05.31"]
[SourceVersion "1"]
[SourceVersionDate "2022.05.31"]
[SourceQuality "1"]

1. e4 c5 2. Nf3 g6 3. d4 cxd4 4. Qxd4 Nf6 5. Nc3 Nc6 6. Qa4 d6 7. e5 dxe5 8. Nxe5 Bg7 9. Bb5 Bd7 10. Nxc6 bxc6 11. Bxc6 0-0 12. 0-0 Rb8 13. Rd1 Bxc6 14. Rxd8 Bxa4 15. Rxf8+ Kxf8 16. Nxa4 Nd5 17. c3 Nb6 18. Nxb6 Rxb6 19. Kf1 Ke8 20. Ke2 Kd7 21. Kd3 Rd6+ 22. Kc2 f5 23. Be3 a6 24. Rd1 e5 25. Rxd6+ Kxd6 26. Kd3 Kc6 27. Kc4 f4 28. Bc5 e4 29. b4 g5 30. a4 g4 31. b5+ axb5+ 32. axb5+ Kb7 33. Bd4 e3 34. fxe3 1-0

[Event "IBCA Pan American-ch 9th"]
[Site "Pereira"]
[Date "2021.12.02"]
[Round "7"]
[White "Pena Romero, Edwin Oswaldo"]
[Black "Torres, Saulo de Jesus"]
[Result "1-0"]
[WhiteElo "1744"]
[BlackElo "1765"]
[PlyCount "50"]
[EventDate "2021.11.29"]
[EventType "swiss"]
[EventRounds "7"]
[EventCountry "COL"]
[SourceTitle "EXT 2023"]
[Source "ChessBase"]
[SourceDate "2022.10.05"]
[SourceVersion "1"]
[SourceVersionDate "2022.10.05"]
[SourceQuality "1"]

1. d4 Nf6 2. c4 e6 3. Nc3 Bb4 4. Qc2 c5 5. e3 cxd4 6. exd4 d5 7. Nf3 0-0 8. a3 Be7 9. cxd5 Nxd5 10. Nxd5 Qxd5 11. Bc4 Qd6 12. 0-0 Nd7 13. Bg5 Bxg5 14. Nxg5 Nf6 15. Rad1 Qf4 16. Nh3 Qc7 17. Qb3 Bd7 18. Rc1 Bc6 19. Ng5 Qe7 20. Rfe1 Nd5 21. Bxd5 Qxg5 22. Bxc6 bxc6 23. Rxc6 Rab8 24. Qc3 Qb5 25. b4 h6 1-0

[Event "IBCA Pan American-ch 9th"]
[Site "Pereira"]
[Date "2021.11.30"]
[Round "4"]
[White "Torres, Saulo de Jesus"]
[Black "Otero Munelo, Harlen Jose"]
[Result "0-1"]
[WhiteElo "1765"]
[BlackElo "2125"]
[PlyCount "88"]
[EventDate "2021.11.29"]
[EventType "swiss"]
[EventRounds "7"]
[EventCountry "COL"]
[SourceTitle "EXT 2023"]
[Source "ChessBase"]
[SourceDate "2022.10.05"]
[SourceVersion "1"]
[SourceVersionDate "2022.10.05"]
[SourceQuality "1"]

1. e4 d5 2. exd5 Nf6 3. Bb5+ Nbd7 4. Nc3 a6 5. Be2 b5 6. a3 Bb7 7. Nf3 Nxd5 8. Nxd5 Bxd5 9. 0-0 g6 10. d4 Bg7 11. c3 0-0 12. a4 c6 13. axb5 axb5 14. Bf4 Rxa1 15. Qxa1 Qa8 16. h3 Nb6 17. Nd2 Qa4 18. Bf3 Ra8 19. Qc1 Qa2 20. Re1 e6 21. Bxd5 cxd5 22. Qc2 Rc8 23. Nb3 Na4 24. Bd2 Qxb2 25. Qxb2 Nxb2 26. Rb1 Na4 27. Rc1 Bf8 28. Na1 Ba3 29. Rc2 Bb2 30. Nb3 Bxc3 31. Kf1 b4 32. Nc5 Bxd2 33. Rxd2 Nxc5 34. dxc5 Rxc5 35. Rb2 Rc4 36. Ke2 Kf8 37. Kd3 Ke7 38. f3 h5 39. Ke2 e5 40. Kd3 f5 41. Ke3 d4+ 42. Kd3 Rc3+ 43. Ke2 b3 44. Kd2 Rc2+ 0-1

[Event "Manizales Las Americas op-B"]
[Site "Manizales"]
[Date "2021.10.18"]
[Round "8"]
[White "Torres, Saulo de Jesus"]
[Black "Barrera Caicedo, Hubert Steven"]
[Result "0-1"]
[WhiteElo "1782"]
[BlackElo "1943"]
[PlyCount "88"]
[EventDate "2021.10.14"]
[EventType "swiss"]
[EventRounds "9"]
[EventCountry "COL"]
[SourceTitle "EXT 2023"]
[Source "ChessBase"]
[SourceDate "2022.10.05"]
[SourceVersion "1"]
[SourceVersionDate "2022.10.05"]
[SourceQuality "1"]

1. e4 c5 2. Nf3 e6 3. d4 cxd4 4. Nxd4 a6 5. Nc3 Qc7 6. f4 Bb4 7. Bd2 Nf6 8. Bd3 b5 9. Nf3 Bb7 10. Qe2 Bxc3 11. bxc3 Nc6 12. 0-0 Na5 13. Rab1 Rc8 14. Kh1 Nc4 15. Be1 Qxf4 16. Nd4 Qg4 17. Qf2 Bxe4 18. Bxe4 Qxe4 19. Qg3 Qg4 20. Qd3 0-0 21. a4 bxa4 22. Rb4 d5 23. h3 Qg6 24. Qxg6 hxg6 25. Rxa4 a5 26. Bh4 Ne4 27. Nb3 Nxc3 28. Raa1 a4 29. Nd4 e5 30. Nf3 Ra8 31. Be1 Ne4 32. Bb4 Ng3+ 33. Kg1 Nxf1 34. Bxf8 Kxf8 35. Kxf1 a3 36. Ke2 Ke7 37. Nd2 Nxd2 38. Kxd2 Kd6 39. Ra2 Kc5 40. Kc3 d4+ 41. Kd3 Kd5 42. c4+ Kc5 43. Ke4 f6 44. Kd3 f5 0-1

[Event "COL-ch sf"]
[Site "Santa Rosa"]
[Date "2021.08.16"]
[Round "11"]
[White "Gomez Loaiza, Jhon Fredy"]
[Black "Torres, Saulo de Jesus"]
[Result "1/2-1/2"]
[WhiteElo "2038"]
[BlackElo "1773"]
[PlyCount "66"]
[EventDate "2021.08.11"]
[EventType "swiss"]
[EventRounds "11"]
[EventCountry "COL"]
[SourceTitle "CBM 204 Extra"]
[Source "ChessBase"]
[SourceDate "2021.11.30"]
[SourceVersion "1"]
[SourceVersionDate "2021.11.30"]
[SourceQuality "1"]

1. d4 Nf6 2. Nf3 e6 3. Bg5 h6 4. Bh4 c5 5. e3 cxd4 6. exd4 b6 7. Bd3 Bb7 8. Nbd2 Be7 9. 0-0 0-0 10. Qe2 d6 11. Rfd1 Nbd7 12. c3 Re8 13. h3 Rc8 14. a4 Nh5 15. Bxe7 Qxe7 16. a5 Nf4 17. Qf1 Nxd3 18. Qxd3 Nf6 19. axb6 axb6 20. Qb5 Qc7 21. Ra7 Ra8 22. Rda1 Rec8 23. R1a3 Rcb8 24. Nc4 Nd5 25. Nxd6 Rxa7 26. Rxa7 Qxd6 27. Ne5 Nf6 28. f3 Qc7 29. c4 Ra8 30. Rxa8+ Bxa8 31. Kf2 Qd8 32. Ke3 Ne8 33. Qd7 Qxd7 1/2-1/2